000 00311nam a22001217a 4500
008 260424b |||||||| |||| 00| 0 eng d
082 _a001069
100 _aNarayanachar, K S
245 _aVedasamskruti Parichaya
260 _aHubli
_bSahitya Prakashana
_c2011 2018 2015
300 _a624 664 680 p
942 _2ddc
999 _c1309
_d1309